000 00853nam a2200229Ii 4500
003 JO-AjNU
008 230605s9999||||xx |||||||||||||| ||und||
017 _a2010/16196
020 _a978-977-337-357-8
040 _aJO-AjNU
_bara
_erda
_cJO-AjNU
041 _aara
050 1 4 _aHF5415.2012
100 3 _aاعداد:خبراء مركز الخبرات المهنية للادارة بميك؛مستشار علمي:عبدالرحمن توفيق,
_eauthor
_934104
245 0 0 _aتسويق الخدمات التأمينية
264 3 1 _aالقاهرة: مركز الخبرات المهنية اللادارةبميك؛2012
300 _a68ص
336 _atext
_btxt
_2rdacontent
337 _aunmediated
_bn
_2rdamedia
338 _avolume
_bnc
_2rdacarrier
490 0 _aاصدارات بميك؛249
650 4 _aالتسويق-خدمات
_934105
999 _aA13947
_c17515
_d17515